Kto to kontroluje? - Statystyki

Ogólne statystyki
  • Ten quiz został rozwiązany 1 504 razy
  • Średni wynik to 14 z 24
Statystyki odpowiedzi
Miejsce Państwo % Poprawnych
Irlandia Północna Wielka Brytania
98%
Wyspy Kanaryjskie Hiszpania
89%
Kalifornia Dolna Meksyk
88%
Jezioro Ładoga Rosja
84%
Korfu Grecja
76%
Spitsbergen Norwegia
70%
Delta rzeki Mekong Wietnam
70%
Zelandia Dania
69%
Aruba Holandia
61%
Rzeka Tyber Włochy
60%
Port Said Egipt
55%
Petronas Towers Malezja
55%
Lhasa Chiny
54%
Oahu Stany Zjednoczone
50%
Błękitny Meczet Turcja
50%
Sokotra Jemen
47%
Wyspa Wiktorii Kanada
46%
Kajenna Francja
41%
Durban Republika Południowej Afryki
38%
Puncak Jaya/Mount Carstensz Indonezja
37%
Mato Grosso Brazylia
35%
Andamany Indie
34%
Kaaba Arabia Saudyjska
31%
Chimborazo Ekwador
22%
Nie znaleziono quizów pasujących do podanych kryteriów
Rozkład punktacji
Procent ludzi z każdym wynikiem
Percentyl według liczby udzielonych odpowiedzi
Twoja historia wyników
Nie rozwiązałeś tego quizu